000 01489nam a2200229Ia 4500
003 Ost
005 20260507075331.0
008 260507s9999||||xx |||||||||||||| ||und||
020 _a9789957067724
040 _cfsecg
041 _aara
082 _a330
100 _aعباس، انس عبد الباسط
_eمؤلف
245 0 _aإدارة الأعمال وفق منظور معاصر /
_c انس عبد الباسط عباس
260 _aعمان:
_bدار المسيرة,
_c2011
300 _a287 صفحة؛
_bإيضاحات ؛
_c25 سم
520 _aمفهوم و أهمية الادارة و الحاجة اليها ، مجالات الادارة ، شمولية الادارة و عموميتها ، علاقة الادارة بالعلوم الاخرى ، أثر الادارة على العلوم الاخرى ، مدارس الفكر الاداري ، الادارة بالمنظور الاسلامي و الادارة في الدول النامية ، الوظائف الادارية : التخطيط ، التنظيم ، التوجيه و الرقابة ، وظائف المنظمة : ادارة الموارد البشرية ، ادارة المشتريات و المخازن ، ، ادارة الانتاج و العمليات ، ادارة العلاقات العامة ، ادارة التسويق و الادارة المالية
653 _aإدارة الأعمال
653 _aالإدارة
653 _aالإدارة العامة
942 _cكتاب
999 _c44003
_d44003